Normal view MARC view

Entry Nombre personal

Number of records used in: 1

001 - NÚMERO DE CONTROL

  • campo de control: 153939

003 - IDENTIFICADOR DE NÚMERO DE CONTROL

  • campo de control: SpMaBN

005 - FECHA Y HORA DE LA ÚLTIMA TRANSACCIÓN

  • campo de control: 20250815054155.0

008 - ELEMENTOS DE DATO DE LONGITUD-FIJA

  • campo de control de longitud fija: 900725nn aijnnaabn a aaa

016 ## - NÚMERO DE CONTROL DE UNA AGENCIA BIBLIOGRÁFICA NACIONAL

  • Número de control del registro: BNE19982794260

024 7# - IDENTIFICADOR DE OTROS ESTÁNDARES

  • Número estándar o código: http://viaf.org/viaf/63984707/
  • Fuente: viaf

024 8# - IDENTIFICADOR DE OTROS ESTÁNDARES

  • Número estándar o código: https://data.cervantesvirtual.com/person/5183

024 7# - IDENTIFICADOR DE OTROS ESTÁNDARES

  • Número estándar o código: https://isni.org/isni/000000012136280X
  • Fuente: isni

024 7# - IDENTIFICADOR DE OTROS ESTÁNDARES

  • Número estándar o código: http://www.wikidata.org/entity/Q8462
  • Fuente: wikidata

040 ## - FUENTE DE CATALOGACIÓN

  • Centro catalogador/agencia de origen: SpMaBN
  • Lengua de catalogación: spa
  • Centro/agencia transcriptor: SpMaBN
  • Normas de descripción: rdc
  • Convención/Normas de encabezamiento de materia/tesauro: embne

046 ## - FECHAS CON CODIFICACIÓN ESPECIAL

  • Fecha de nacimiento: 1336
  • Fecha de la muerte: 1405

100 0# - ENCABEZAMIENTO-NOMBRE DE PERSONA

  • Nombre de persona: Tamerlán,
  • Fechas asociadas al nombre: 1336-1405

370 ## - LUGAR ASOCIADO

  • Lugar de nacimiento: Shahrisabz
  • Fuente de información: Wikidata

374 ## - OCUPACIÓN

  • Ocupación: Soldados
  • Fuente de información: Wikidata

375 ## - GÉNERO/SEXO

  • Género: Masculino
  • Fuente de información: Wikidata

377 ## - IDIOMA ASOCIADO

  • Término de lengua/lenguaje: Persa
  • Término de lengua/lenguaje: Chagatai

400 1# - TRAZADO DE VÉASE--NOMBRE DE PERSONA

  • Nombre de persona: Timur,
  • Fechas asociadas al nombre: 1336-1405

400 0# - TRAZADO DE VÉASE--NOMBRE DE PERSONA

  • Nombre de persona: Tamorlan,
  • Fechas asociadas al nombre: 1336-1405

400 0# - TRAZADO DE VÉASE--NOMBRE DE PERSONA

  • Nombre de persona: Timur-Lenk,
  • Fechas asociadas al nombre: 1336-1405

670 ## - FUENTE DE DATOS ENCONTRADOS

  • Cita de la fuente: Tamerlan. Cortés et Pizarre. Pierre le Grand, 1973

670 ## - FUENTE DE DATOS ENCONTRADOS

  • Cita de la fuente: Espasa
  • Información encontrada: (Tamerlán; Timur-Lenk; n. 9-4-1336, en Kech -m. 14-2-1405. en Otrar; célebre conquistador tártaro)